[Event "Pere Noel"]
[Site "Montreal CAN"]
[Date "1986.12.28"]
[Round "3"]
[White "Desforges, Jean"]
[Black "Rousseau, Daniel"]
[Result "0-1"]
[WhiteElo "2026"]
[BlackElo "1936"]
[PlyCount "64"]
[GameId "2160767912650536"]
[EventDate "1986.12.26"]
[EventType "swiss"]
[EventRounds "5"]
[EventCountry "CAN"]
[SourceTitle "hb 2011"]

1. d4 Nf6 2. c4 g6 3. Nc3 Bg7 4. e4 d6 5. f3 O-O 6. Be3 Nc6 7. Qd2 a6 8. O-O-O Re8 9. Kb1 Rb8 10. Nd5 e5 11. Ne2 exd4 12. Nxd4 Nxd5 13. cxd5 Ne5 14. Rc1 Bd7 15. Be2 c5 16. Nb3 b5 17. g4 b4 18. h3 Bb5 19. f4 Nd7 20. Bxb5 axb5 21. e5 Nb6 22. Na5 Qd7 23. Qf2 Ra8 24. Nc6 Nxd5 25. Bxc5 Qxc6 26. Bxd6 Qa6 27. a3 bxa3 28. Bxa3 b4 29. Qc5 Qd3+ 30. Ka2 Rxa3+ 31. bxa3 Qxa3+ 32. Kb1 Qb3+ 0-1

[Event "Pere Noel"]
[Site "Montreal CAN"]
[Date "1986.12.29"]
[Round "4"]
[White "Rousseau, Daniel"]
[Black "Kleinplatz, Sam"]
[Result "0-1"]
[WhiteElo "1936"]
[BlackElo "2191"]
[PlyCount "82"]
[GameId "2160767912650543"]
[EventDate "1986.12.26"]
[EventType "swiss"]
[EventRounds "5"]
[EventCountry "CAN"]
[SourceTitle "hb 2011"]

1. e4 c5 2. Nf3 a6 3. a4 Nc6 4. Nc3 e6 5. d4 cxd4 6. Nxd4 Bb4 7. Nxc6 dxc6 8. Qxd8+ Kxd8 9. Bg5+ f6 10. O-O-O+ Ke7 11. Be3 e5 12. Bc4 Be6 13. Bxe6 Kxe6 14. Rd3 Nh6 15. Rhd1 Nf7 16. Bb6 Rhe8 17. Ne2 g6 18. c3 Bf8 19. Kc2 Nd6 20. f3 Be7 21. b3 f5 22. exf5+ gxf5 23. Re3 Rg8 24. g3 Kf6 25. Bc7 Nf7 26. f4 e4 27. Bb6 c5 28. c4 Rac8 29. Nc3 Bd8 30. Rd7 Ke6 31. Rxb7 Nd6 32. Bxd8 Nxb7 33. Bg5 h6 34. Bh4 Na5 35. Nd5 Nc6 36. Kc3 Rg7 37. h3 Rb8 38. g4 fxg4 39. Rxe4+ Kf5 40. Re3 Rgb7 41. Kb2 gxh3 0-1

[Event "Pere Noel"]
[Site "Montreal CAN"]
[Date "1986.12.30"]
[Round "5"]
[White "Rousseau, Daniel"]
[Black "Parent, Francois"]
[Result "1-0"]
[WhiteElo "1936"]
[BlackElo "1847"]
[PlyCount "45"]
[GameId "2160767912650548"]
[EventDate "1986.12.26"]
[EventType "swiss"]
[EventRounds "5"]
[EventCountry "CAN"]
[SourceTitle "hb 2011"]

1. e4 e5 2. Nf3 Nf6 3. Nc3 Nc6 4. Bb5 Nd4 5. Ba4 c6 6. Nxe5 b5 7. Bb3 Qe7 8. Nf3 Nxb3 9. axb3 b4 10. Ne2 Qxe4 11. O-O Bd6 12. Ng3 Qg6 13. Re1+ Kd8 14. d3 Bxg3 15. hxg3 d6 16. Bf4 Nd5 17. Qd2 Nxf4 18. Qxf4 a5 19. Re4 Ra6 20. Rae1 c5 21. Ng5 Rf8 22. Re7 f5 23. Qh4 1-0

[Event "Automne Specialiste"]
[Site "Montreal CAN"]
[Date "1986.10.04"]
[Round "1"]
[White "Rousseau, Daniel"]
[Black "Larogne, Denis"]
[Result "0-1"]
[WhiteElo "1943"]
[BlackElo "1665"]
[PlyCount "74"]
[GameId "2160767912650775"]
[EventDate "1986.10.04"]
[EventType "swiss"]
[EventRounds "5"]
[EventCountry "CAN"]
[SourceTitle "hb 2011"]

1. e4 c5 2. Nf3 d6 3. d4 cxd4 4. Nxd4 Nf6 5. Nc3 a6 6. Bg5 e6 7. f4 Be7 8. Qf3 Qc7 9. O-O-O Nc6 10. Qg3 h6 11. Bxf6 Bxf6 12. Nxc6 Qxc6 13. e5 dxe5 14. fxe5 Bg5+ 15. Kb1 O-O 16. h4 Be7 17. Bd3 Qc7 18. Rhf1 b5 19. Rxf7 Rxf7 20. Qg6 Bxh4 21. Qh7+ Kf8 22. Bg6 Bb7 23. Bxf7 Qxf7 24. Ne4 Bxe4 25. Qxe4 Rd8 26. Rxd8+ Bxd8 27. Qd3 Bc7 28. a4 Qe8 29. Qf3+ Kg8 30. Qb7 Bxe5 31. a5 Qf7 32. Qxa6 Qf1+ 33. Ka2 Qc4+ 34. Kb1 Kh7 35. Qb6 Qb4 36. c3 Bxc3 37. Qf2 Qe4+ 0-1

[Event "Automne Specialiste"]
[Site "Montreal CAN"]
[Date "1986.10.04"]
[Round "2"]
[White "Desjardins, Andre"]
[Black "Rousseau, Daniel"]
[Result "0-1"]
[WhiteElo "1943"]
[BlackElo "1850"]
[PlyCount "42"]
[GameId "2160767912650776"]
[EventDate "1986.10.04"]
[EventType "swiss"]
[EventRounds "5"]
[EventCountry "CAN"]
[SourceTitle "hb 2011"]

1. c4 Nf6 2. Nc3 g6 3. d4 Bg7 4. e4 d6 5. f3 O-O 6. Be3 Nc6 7. Qd2 Re8 8. Nge2 a6 9. h4 h5 10. Nc1 e5 11. d5 Nd4 12. Nb3 c5 13. dxc6 bxc6 14. Nxd4 exd4 15. Bxd4 d5 16. O-O-O dxe4 17. Bxf6 Qxf6 18. Nxe4 Qe5 19. Nc3 Bf5 20. Bd3 Red8 21. Qc2 Qe3+ 0-1

[Event "Automne Specialiste"]
[Site "Montreal CAN"]
[Date "1986.10.05"]
[Round "3"]
[White "Rousseau, Daniel"]
[Black "Nguyen, Dat Dung"]
[Result "1-0"]
[WhiteElo "1943"]
[BlackElo "1701"]
[PlyCount "65"]
[GameId "2160767912650780"]
[EventDate "1986.10.04"]
[EventType "swiss"]
[EventRounds "5"]
[EventCountry "CAN"]
[SourceTitle "EXT 2022"]
[Source "ChessBase"]
[SourceDate "2021.10.06"]
[SourceVersion "1"]
[SourceVersionDate "2021.10.06"]
[SourceQuality "1"]

1. e4 e5 2. Nf3 Nc6 3. Bb5 a6 4. Ba4 Nf6 5. d4 exd4 6. O-O Be7 7. Re1 b5 8. e5 Nd5 9. c4 bxc4 10. Nxd4 Nxd4 11. Qxd4 Nb6 12. Bc2 Bb7 13. Qg4 g6 14. Bh6 Bd5 15. f4 Bc5+ 16. Kh1 Qe7 17. Bg5 Qe6 18. f5 Qc6 19. Bf6 Rg8 20. Nc3 Be7 21. Bxe7 Kxe7 22. Qh4+ g5 23. Nxd5+ Nxd5 24. f6+ Kf8 25. Qh6+ Ke8 26. Qxh7 Kf8 27. Rad1 Qb5 28. e6 dxe6 29. Rxe6 fxe6 30. Rxd5 Qe8 31. Rd7 Qxd7 32. Qxd7 Re8 33. f7 1-0

[Event "Automne Specialiste"]
[Site "Montreal CAN"]
[Date "1986.10.11"]
[Round "4"]
[White "Arsenault, Michel"]
[Black "Rousseau, Daniel"]
[Result "1-0"]
[WhiteElo "1900"]
[BlackElo "1943"]
[PlyCount "89"]
[GameId "2160767912650782"]
[EventDate "1986.10.04"]
[EventType "swiss"]
[EventRounds "5"]
[EventCountry "CAN"]
[SourceTitle "hb 2011"]

1. e4 e5 2. Nf3 Nc6 3. Bb5 a6 4. Bxc6 dxc6 5. O-O Qd6 6. d4 exd4 7. Nxd4 Bd7 8. c3 O-O-O 9. Be3 Qg6 10. Nd2 f6 11. a4 Nh6 12. f3 Nf7 13. Qe2 h5 14. b4 c5 15. Nc2 cxb4 16. cxb4 Ne5 17. Rfb1 Qe8 18. Nd4 Bd6 19. Nc4 Nxc4 20. Qxc4 Qe5 21. g3 h4 22. Bf4 Qe7 23. Rc1 Bxf4 24. gxf4 Qd6 25. f5 g6 26. Ra2 Kb8 27. Rac2 Rc8 28. b5 a5 29. Nc6+ Ka8 30. Qc3 Bxc6 31. Qxa5+ Kb8 32. bxc6 Qd4+ 33. Kh1 Qb6 34. Qxb6 cxb6 35. c7+ Ka7 36. fxg6 Rhg8 37. Rg1 Rg7 38. f4 b5 39. axb5 Kb6 40. f5 Rcxc7 41. Rxc7 Kxc7 42. Kg2 Kd6 43. Kf3 Ke5 44. b6 Kd6 45. Rc1 1-0

[Event "Specialiste-Tch2"]
[Site "Montreal CAN"]
[Date "1986.09.25"]
[Round "2"]
[White "Rousseau, Daniel"]
[Black "Courval, Francois"]
[Result "1-0"]
[WhiteElo "1990"]
[BlackElo "1850"]
[PlyCount "63"]
[GameId "2160767912650852"]
[EventDate "1986.09.18"]
[EventType "team"]
[EventRounds "5"]
[EventCountry "CAN"]
[SourceTitle "hb 2011"]

1. e4 c5 2. Nf3 d6 3. d4 cxd4 4. Nxd4 Nf6 5. Nc3 g6 6. Be2 Bg7 7. Be3 O-O 8. O-O Nc6 9. Nb3 Be6 10. f4 Na5 11. f5 Bc4 12. e5 Bxe2 13. Qxe2 dxe5 14. fxg6 hxg6 15. Rad1 Qc7 16. Nc5 b6 17. N5e4 Nxe4 18. Nxe4 Qc4 19. Qf3 Qc6 20. b4 Nc4 21. Bg5 Qe6 22. Bc1 f6 23. Qg3 g5 24. Qb3 Rac8 25. h3 g4 26. Rd3 Rfd8 27. Rg3 Qc6 28. Rxg4 Rd4 29. Qg3 Rxe4 30. Rxg7+ Kf8 31. Qg6 Qe6 32. Bh6 1-0

[Event "Specialiste-Tch2"]
[Site "Montreal CAN"]
[Date "1986.10.02"]
[Round "3"]
[White "Gendron, Bernard"]
[Black "Rousseau, Daniel"]
[Result "0-1"]
[WhiteElo "1900"]
[BlackElo "1990"]
[PlyCount "93"]
[GameId "2160767912650854"]
[EventDate "1986.09.18"]
[EventType "team"]
[EventRounds "5"]
[EventCountry "CAN"]
[SourceTitle "hb 2011"]

1. d4 Nf6 2. c4 g6 3. Nc3 Bg7 4. e4 d6 5. Be2 O-O 6. Bg5 h6 7. Be3 e5 8. d5 Ne8 9. g4 f5 10. gxf5 gxf5 11. exf5 Bxf5 12. Bg4 Qh4 13. Bxf5 Rxf5 14. Qd3 Rf8 15. Nge2 Nd7 16. Ne4 Nef6 17. N2g3 Nxe4 18. Qxe4 Qxe4 19. Nxe4 Nf6 20. Nxf6+ Rxf6 21. Ke2 Raf8 22. Rhg1 Kh7 23. Rg3 Rf5 24. Rag1 Bf6 25. Rh3 h5 26. Rhg3 Rf7 27. Kd3 Bg7 28. Rg6 a6 29. Ke4 R5f6 30. R6g5 Rh6 31. Rxg7+ Rxg7 32. Rxg7+ Kxg7 33. Bxh6+ Kxh6 34. Kf5 b6 35. h4 Kg7 36. b4 Kf7 37. f3 a5 38. bxa5 bxa5 39. a4 Kf8 40. Kf6 Ke8 41. Kg7 Ke7 42. Kg6 Ke8 43. Kxh5 Kf7 44. Kg5 Kg7 45. Kf5 Kf7 46. h5 Kg7 47. Ke6 0-1

[Event "Specialiste-Tch2"]
[Site "Montreal CAN"]
[Date "1986.10.09"]
[Round "4"]
[White "Lafortune, Normand"]
[Black "Rousseau, Daniel"]
[Result "1/2-1/2"]
[WhiteElo "1925"]
[BlackElo "1990"]
[PlyCount "110"]
[GameId "2160767912650857"]
[EventDate "1986.09.18"]
[EventType "team"]
[EventRounds "5"]
[EventCountry "CAN"]
[SourceTitle "hb 2011"]

1. e4 c5 2. Nf3 Nc6 3. d4 cxd4 4. Nxd4 Nf6 5. Nc3 d6 6. Bc4 e6 7. Bb3 Be7 8. Be3 a6 9. Qe2 O-O 10. O-O-O Qc7 11. Rhg1 Na5 12. g4 b5 13. g5 Nxb3+ 14. axb3 Nd7 15. Qh5 Bb7 16. Rg3 g6 17. Qh6 Rfc8 18. Rh3 Nf8 19. Rd2 b4 20. Nf5 exf5 21. Bd4 f6 22. gxf6 Bd8 23. exf5 bxc3 24. Bxc3 Qf7 25. fxg6 Nxg6 26. Re2 Rc7 27. Rg3 Bxf6 28. Bxf6 Qxf6 29. h4 Rg7 30. h5 Qf4+ 31. Qxf4 Nxf4 32. Rxg7+ Kxg7 33. Re7+ Kh6 34. Rxb7 Rc8 35. Rb6 Nd3+ 36. Kd2 Nxf2 37. Rxd6+ Kxh5 38. Rxa6 Kg4 39. c4 h5 40. Rg6+ Kh3 41. Kc3 h4 42. b4 Ne4+ 43. Kd4 Ng3 44. c5 Kg2 45. c6 h3 46. Kc5 Rh8 47. Re6 h2 48. Re1 Kf2 49. Rc1 Ke3 50. c7 Kd2 51. Ra1 Ne4+ 52. Kd5 Nf2 53. b3 Ra8 54. Rf1 Ke2 55. Rc1 Kd2 1/2-1/2

[Event "Specialiste-Tch2"]
[Site "Montreal CAN"]
[Date "1986.10.16"]
[Round "5"]
[White "Fraser, Michel"]
[Black "Rousseau, Daniel"]
[Result "1-0"]
[WhiteElo "2050"]
[BlackElo "1990"]
[PlyCount "62"]
[GameId "2160767912650860"]
[EventDate "1986.09.18"]
[EventType "team"]
[EventRounds "5"]
[EventCountry "CAN"]
[SourceTitle "hb 2011"]

1. d4 Nf6 2. Nf3 g6 3. Bf4 Bg7 4. e3 O-O 5. h3 c5 6. c3 cxd4 7. exd4 d6 8. Bc4 Qa5 9. O-O b5 10. Bb3 Bb7 11. Re1 Re8 12. Ng5 d5 13. Nd2 Nbd7 14. Ngf3 Rac8 15. a3 Qb6 16. Ne5 a5 17. Nd3 Ne4 18. Nf3 a4 19. Ba2 Qd8 20. Nfe5 Nxe5 21. Bxe5 Nd6 22. Bxd6 Qxd6 23. Qe2 Rcd8 24. Rad1 Bc6 25. f4 Bd7 26. Qf1 h5 27. Ne5 Bf5 28. Qxb5 e6 29. Qxa4 Bh6 30. Rf1 Rf8 31. Bb1 f6 1-0

[Event "Montreal op"]
[Site "Montreal CAN"]
[Date "1986.08.29"]
[Round "1"]
[White "Fata, Fabio"]
[Black "Rousseau, Daniel"]
[Result "0-1"]
[WhiteElo "1565"]
[BlackElo "1943"]
[PlyCount "44"]
[GameId "2160767912650901"]
[EventDate "1986.08.29"]
[EventType "swiss"]
[EventRounds "6"]
[EventCountry "CAN"]
[SourceTitle "hb 2011"]

1. Nf3 Nf6 2. c4 g6 3. b3 Bg7 4. Bb2 O-O 5. Nc3 c5 6. d4 d5 7. e3 cxd4 8. Nxd4 e5 9. Nc2 d4 10. exd4 exd4 11. Nxd4 Re8+ 12. Be2 Ne4 13. Nd5 Bg4 14. Ne3 Qa5+ 15. Kf1 Bxe2+ 16. Qxe2 Na6 17. g3 Rad8 18. Rd1 Qc5 19. f3 Bxd4 20. Bxd4 Rxd4 21. Rxd4 Qxd4 22. Nd5 Nd2+ 0-1

[Event "Montreal op"]
[Site "Montreal CAN"]
[Date "1986.08.31"]
[Round "3"]
[White "Rousseau, Daniel"]
[Black "Leveille, Francois"]
[Result "1/2-1/2"]
[WhiteElo "1943"]
[BlackElo "2214"]
[PlyCount "86"]
[GameId "2160767912650905"]
[EventDate "1986.08.29"]
[EventType "swiss"]
[EventRounds "6"]
[EventCountry "CAN"]
[SourceTitle "hb 2011"]

1. e4 c5 2. Nf3 d6 3. d4 cxd4 4. Nxd4 Nf6 5. Nc3 g6 6. Be3 Bg7 7. f3 O-O 8. Qd2 Nc6 9. Bc4 Bd7 10. O-O-O Rc8 11. Bb3 Ne5 12. h4 h5 13. Bg5 Rc5 14. Rhe1 Qa5 15. Kb1 Rfc8 16. f4 Neg4 17. Nf3 Be6 18. Nd5 Qxd2 19. Rxd2 Bxd5 20. exd5 Kf8 21. Rde2 R8c7 22. f5 gxf5 23. Nd4 Ne5 24. Nxf5 Nxd5 25. Ng3 Nf6 26. Bxf6 Bxf6 27. Ne4 Ra5 28. Nxf6 exf6 29. c3 Ng6 30. Rf1 Re5 31. Ref2 Rce7 32. Rxf6 Re1+ 33. Rxe1 Rxe1+ 34. Kc2 Ne5 35. Bd5 Re2+ 36. Kc1 Ke7 37. Rh6 Nd3+ 38. Kd1 Rxb2 39. Rh7 Nf2+ 40. Ke1 Nd3+ 41. Kd1 Nf2+ 42. Ke1 Nd3+ 43. Kd1 Nf2+ 1/2-1/2

[Event "Montreal op"]
[Site "Montreal CAN"]
[Date "1986.08.31"]
[Round "4"]
[White "St Amand, Paul Jr"]
[Black "Rousseau, Daniel"]
[Result "0-1"]
[WhiteElo "2136"]
[BlackElo "1943"]
[PlyCount "84"]
[GameId "2160767912650908"]
[EventDate "1986.08.29"]
[EventType "swiss"]
[EventRounds "6"]
[EventCountry "CAN"]
[SourceTitle "hb 2011"]

1. c4 g6 2. Nc3 Bg7 3. g3 Nf6 4. Bg2 O-O 5. e3 e5 6. Nge2 d6 7. O-O Re8 8. d3 Nbd7 9. h3 c6 10. e4 a5 11. b3 Nc5 12. Be3 Qc7 13. Qc2 Ne6 14. Rac1 Nd7 15. Qd2 Nd4 16. f4 Nc5 17. Qd1 f5 18. Bf2 Bd7 19. Nxd4 exd4 20. Na4 Nxa4 21. bxa4 fxe4 22. dxe4 c5 23. Rb1 Bc6 24. Re1 Re7 25. g4 Rae8 26. Qd3 Bxa4 27. Bh4 Rf7 28. f5 Be5 29. Bg5 Bd7 30. Rf1 Ref8 31. Bd2 Bc6 32. Kh1 a4 33. Bh6 Rb8 34. Rb2 Be8 35. Rfb1 b5 36. cxb5 c4 37. Qf1 d3 38. Rb4 Qc5 39. Rxa4 Bxb5 40. Ra5 Ra7 41. Rxa7 Qxa7 42. Qc1 c3 0-1

[Event "Montreal op"]
[Site "Montreal CAN"]
[Date "1986.09.01"]
[Round "5"]
[White "Morin, Yves"]
[Black "Rousseau, Daniel"]
[Result "1-0"]
[WhiteElo "2224"]
[BlackElo "1943"]
[PlyCount "93"]
[GameId "2160767912650911"]
[EventDate "1986.08.29"]
[EventType "swiss"]
[EventRounds "6"]
[EventCountry "CAN"]
[SourceTitle "hb 2011"]

1. e4 g6 2. d4 Bg7 3. Nc3 d6 4. Nf3 Nf6 5. Be2 O-O 6. O-O c6 7. a4 a5 8. h3 Na6 9. Be3 Nb4 10. Qd2 d5 11. e5 Ne8 12. Nd1 Bf5 13. Ne1 c5 14. c3 cxd4 15. cxd4 f6 16. g4 Bd7 17. f4 fxe5 18. fxe5 Rxf1+ 19. Bxf1 Rc8 20. Nc3 Nc7 21. Bg2 Bc6 22. Nf3 Ne6 23. Rf1 Qb6 24. Kh1 Rf8 25. h4 Qa6 26. h5 Rf7 27. h6 Bf8 28. Rd1 Qc4 29. Ng5 Nxg5 30. Bxg5 Bd7 31. Rc1 Qd3 32. Nxd5 Qxd2 33. Bxd2 Nd3 34. Rc7 Bxg4 35. Bg5 Ne1 36. Nxe7+ Bxe7 37. Bxe7 Nxg2 38. Kxg2 Be6 39. Kg3 Rf5 40. Bf6 Rh5 41. Rg7+ Kf8 42. Rxh7 Bf5 43. Rc7 g5 44. d5 Rh3+ 45. Kf2 g4 46. e6 Rd3 47. Rc8# 1-0

[Event "Montreal op"]
[Site "Montreal CAN"]
[Date "1986.09.01"]
[Round "6"]
[White "Rousseau, Daniel"]
[Black "Dupuis, Stephane"]
[Result "1-0"]
[WhiteElo "1943"]
[BlackElo "2099"]
[PlyCount "61"]
[GameId "2160767912650913"]
[EventDate "1986.08.29"]
[EventType "swiss"]
[EventRounds "6"]
[EventCountry "CAN"]
[SourceTitle "hb 2011"]

1. e4 e5 2. Nf3 Nc6 3. Bc4 Nf6 4. Nc3 Be7 5. O-O d6 6. h3 Na5 7. Be2 c5 8. Bb5+ Kf8 9. d3 h6 10. Ne1 g5 11. h4 g4 12. f4 gxf3 13. Qxf3 Bg4 14. Qf2 Be6 15. Nf3 Kg7 16. b3 Kh7 17. Qd2 a6 18. Bc4 Nxc4 19. bxc4 Ng4 20. h5 Rf8 21. Nd5 f5 22. exf5 Rxf5 23. Qe2 Bxd5 24. cxd5 Nf6 25. Nh4 Rxh5 26. Rxf6 Rxh4 27. Rf7+ Kg8 28. Qf2 Qe8 29. Rf5 Qg6 30. Bd2 Rf8 31. Rxf8+ 1-0

[Event "Specialiste-Tch2"]
[Site "Montreal CAN"]
[Date "1984.09.13"]
[Round "2"]
[White "Aubry, Claude"]
[Black "Rousseau, Daniel"]
[Result "1/2-1/2"]
[WhiteElo "1850"]
[BlackElo "1988"]
[PlyCount "120"]
[GameId "2160767912714806"]
[EventDate "1984.09.06"]
[EventType "team"]
[EventRounds "5"]
[EventCountry "CAN"]
[SourceTitle "hb 2011"]

1. f4 e5 2. fxe5 d6 3. exd6 Bxd6 4. Nf3 Nf6 5. g3 Ng4 6. Bg2 Nxh2 7. Nxh2 Bxg3+ 8. Kf1 Qf6+ 9. Nf3 g5 10. d4 g4 11. Rh6 Qf5 12. e4 Qb5+ 13. Qd3 Qxd3+ 14. cxd3 gxf3 15. Bxf3 Nc6 16. Be3 Nb4 17. Na3 Nxd3 18. Nb5 Bd7 19. Nc3 Nxb2 20. Nd5 O-O-O 21. e5 Kb8 22. Rb1 Nc4 23. Bg5 Rdg8 24. Ne7 b6 25. Nxg8 Rxg8 26. Bc1 Bf5 27. Rb4 Na5 28. Ke2 Nb7 29. Rf6 Be6 30. Bf4 c5 31. dxc5 Nxc5 32. a4 Nd7 33. Rh6 Bxf4 34. Rxf4 Nxe5 35. Rxh7 Rc8 36. Bh5 Rc2+ 37. Ke3 Ra2 38. Bd1 Kc7 39. Rd4 Kc6 40. Kf4 Ng6+ 41. Kg5 Kc5 42. Rd8 Ne7 43. Rh5 Nd5 44. Kh6 Rg2 45. Bf3 Rd2 46. Re5 Kc4 47. Kg7 a6 48. Rd6 Kc5 49. Rd8 b5 50. axb5 axb5 51. Bh5 b4 52. Bxf7 Bxf7 53. Kxf7 Kc4 54. Re4+ Kc3 55. Rc8+ Kd3 56. Rcc4 b3 57. Red4+ Ke3 58. Rxd2 Kxd2 59. Rd4+ Kc2 60. Rxd5 b2 1/2-1/2

[Event "Specialiste-Tch2"]
[Site "Montreal CAN"]
[Date "1984.09.20"]
[Round "3"]
[White "Rousseau, Daniel"]
[Black "Regnier, Alain"]
[Result "0-1"]
[WhiteElo "1988"]
[BlackElo "1992"]
[PlyCount "34"]
[GameId "2160767912714807"]
[EventDate "1984.09.06"]
[EventType "team"]
[EventRounds "5"]
[EventCountry "CAN"]
[SourceTitle "hb 2011"]

1. d4 Nf6 2. c4 c5 3. Nf3 g6 4. Nc3 Bg7 5. d5 O-O 6. e4 d6 7. Be2 e6 8. O-O exd5 9. cxd5 a6 10. a4 Re8 11. Nd2 b6 12. Qc2 Nbd7 13. Nc4 Ne5 14. Na3 Nh5 15. Qd1 Qh4 16. f4 Ng4 17. Bxg4 Bd4+ 0-1

[Event "Specialiste-Tch2"]
[Site "Montreal CAN"]
[Date "1984.09.25"]
[Round "4"]
[White "Alain, Benoit"]
[Black "Rousseau, Daniel"]
[Result "0-1"]
[WhiteElo "1950"]
[BlackElo "1998"]
[PlyCount "90"]
[GameId "2160767912714808"]
[EventDate "1984.09.06"]
[EventType "team"]
[EventRounds "5"]
[EventCountry "CAN"]
[SourceTitle "hb 2011"]

1. c4 c5 2. Nf3 Nc6 3. Nc3 Nf6 4. g3 g6 5. Bg2 Bg7 6. O-O O-O 7. d4 cxd4 8. Nxd4 Nxd4 9. Qxd4 d6 10. Qh4 Qb6 11. Be3 Qxb2 12. Bd4 e5 13. Rab1 Qd2 14. Rfd1 Qh6 15. Qxh6 Bxh6 16. Be3 Bxe3 17. fxe3 Ng4 18. Rxd6 Nxe3 19. c5 Nxg2 20. Kxg2 Rb8 21. c6 b6 22. Nd5 Be6 23. e4 Rbd8 24. Rxd8 Rxd8 25. c7 Ra8 26. a4 Kf8 27. a5 Rc8 28. axb6 axb6 29. Rc1 Bxd5 30. exd5 Ke7 31. Rc6 Kd7 32. Rxb6 Rxc7 33. Rf6 Rc2+ 34. Kf3 Ke7 35. Ra6 Rxh2 36. Ra7+ Kf6 37. Ra6+ Kf5 38. Ra7 f6 39. Rg7 h5 40. d6 Rd2 41. d7 Rd5 42. Re7 g5 43. Rh7 e4+ 44. Ke3 Rd3+ 45. Ke2 Kg4 0-1

[Event "Specialiste-Tch2"]
[Site "Montreal CAN"]
[Date "1984.10.03"]
[Round "5"]
[White "Rousseau, Daniel"]
[Black "Delisle, Claude"]
[Result "0-1"]
[WhiteElo "1988"]
[BlackElo "1909"]
[PlyCount "72"]
[GameId "2160767912714809"]
[EventDate "1984.09.06"]
[EventType "team"]
[EventRounds "5"]
[EventCountry "CAN"]
[SourceTitle "hb 2011"]

1. e4 c6 2. d4 d6 3. c4 Nd7 4. f4 e5 5. dxe5 dxe5 6. Nf3 Ngf6 7. fxe5 Nxe4 8. a3 Bc5 9. Qc2 Bf2+ 10. Ke2 Ndc5 11. b4 Bf5 12. Qd1 Qxd1+ 13. Kxd1 O-O-O+ 14. Bd2 Nb3 15. Ra2 Nbxd2 16. Nfxd2 Be3 17. Ke2 Bxd2 18. Rxd2 Nxd2 19. Nxd2 Rhe8 20. Nf3 Bg4 21. Kf2 Rd1 22. Kg3 h5 23. Kf4 f6 24. exf6 gxf6 25. g3 Bxf3 26. Kxf3 Kd8 27. Bg2 Rxh1 28. Bxh1 Re1 29. Bg2 Ra1 30. Kf4 Rxa3 31. Bf3 Ra4 32. Bxh5 Rxb4 33. Bf7 Ke7 34. Bg8 a5 35. h4 a4 36. Ke3 c5 0-1

[Event "Montreal op"]
[Site "Montreal CAN"]
[Date "1984.09.01"]
[Round "1"]
[White "Gaudreau, Alain"]
[Black "Rousseau, Daniel"]
[Result "0-1"]
[WhiteElo "1698"]
[BlackElo "1988"]
[PlyCount "60"]
[GameId "2160767912714836"]
[EventDate "1984.09.01"]
[EventType "swiss"]
[EventRounds "6"]
[EventCountry "CAN"]
[SourceTitle "hb 2011"]

1. e4 e5 2. Nf3 Nc6 3. Bb5 a6 4. Ba4 Nf6 5. O-O Be7 6. Re1 b5 7. Bb3 d6 8. c3 O-O 9. h3 Bb7 10. d4 Re8 11. Nbd2 Bf8 12. Bc2 g6 13. Nf1 exd4 14. cxd4 Nb4 15. Ng3 Nxc2 16. Qxc2 c5 17. dxc5 dxc5 18. Bf4 Qb6 19. Rad1 Rad8 20. Rxd8 Rxd8 21. Nd2 Qe6 22. a3 Nd5 23. Be3 Nxe3 24. Rxe3 c4 25. Nf3 Bc5 26. Re2 Qf6 27. Qc1 Rd3 28. e5 Qd8 29. Ne1 Rxg3 30. b4 Bb6 0-1

[Event "Montreal op"]
[Site "Montreal CAN"]
[Date "1984.09.01"]
[Round "2"]
[White "Rousseau, Daniel"]
[Black "Takahashi, Nozumo"]
[Result "1-0"]
[WhiteElo "1988"]
[BlackElo "1840"]
[PlyCount "117"]
[GameId "2160767912714839"]
[EventDate "1984.09.01"]
[EventType "swiss"]
[EventRounds "6"]
[EventCountry "CAN"]
[SourceTitle "hb 2011"]

1. d4 Nf6 2. c4 c5 3. d5 e6 4. Nc3 exd5 5. cxd5 d6 6. Nf3 g6 7. Bf4 a6 8. e4 b5 9. Qc2 Bg7 10. a4 b4 11. Nb1 O-O 12. Bd3 Re8 13. O-O Nh5 14. Bg5 Qc7 15. h3 Nd7 16. Nbd2 a5 17. g4 Nhf6 18. Bf4 Nb6 19. Nd4 Bd7 20. Bb5 Nfxd5 21. exd5 Bxd4 22. Bc4 Be5 23. Bg5 Qb7 24. Ne4 Nxd5 25. Rad1 Be6 26. Rfe1 Nf4 27. Bf1 Bd5 28. Bxf4 Bxf4 29. Nf6+ Kf8 30. Rxe8+ Rxe8 31. Nxd5 Be5 32. Bg2 Qd7 33. b3 Qd8 34. Qd2 Kg7 35. Re1 Qh4 36. Kf1 Rc8 37. Qe2 Bd4 38. Qf3 Be5 39. Nb6 Re8 40. Nc4 Re7 41. Nxa5 Re6 42. Nc4 Rf6 43. Nxe5 Rxf3 44. Nxf3 Qd8 45. Rd1 h6 46. Ne1 Qf6 47. Bd5 h5 48. Nc2 Qe5 49. Ne3 Qc3 50. a5 Qb2 51. a6 Qa2 52. Bc4 Kf6 53. Rxd6+ Ke5 54. Rd5+ Ke4 55. Kg2 h4 56. Rxc5 f5 57. gxf5 gxf5 58. Rxf5 Qa1 59. Rf7 1-0

[Event "Montreal op"]
[Site "Montreal CAN"]
[Date "1984.09.02"]
[Round "4"]
[White "Rousseau, Daniel"]
[Black "Mireault, Marcel"]
[Result "1-0"]
[WhiteElo "1988"]
[BlackElo "1902"]
[PlyCount "77"]
[GameId "2160767912714845"]
[EventDate "1984.09.01"]
[EventType "swiss"]
[EventRounds "6"]
[EventCountry "CAN"]
[SourceTitle "hb 2011"]

1. d4 Nf6 2. c4 g6 3. Nc3 Bg7 4. e4 d6 5. Nf3 O-O 6. Be2 e5 7. d5 Nbd7 8. Bg5 a5 9. O-O Nc5 10. Nd2 Bd7 11. b3 Qc8 12. Rb1 Ng4 13. Bxg4 Bxg4 14. f3 Bd7 15. Qc2 f5 16. a3 b6 17. Ra1 Rf7 18. b4 Nb7 19. Nb3 f4 20. Bh4 h6 21. Bf2 Bf8 22. Rfc1 Be7 23. Nd1 Ba4 24. Nb2 Bxb3 25. Qxb3 Rf8 26. Nd3 Qd7 27. c5 Qb5 28. a4 Qa6 29. b5 Qa7 30. cxb6 cxb6 31. Nxe5 Nc5 32. Bxc5 bxc5 33. Nc4 Bf6 34. Ra2 Bd4+ 35. Kh1 Qe7 36. Re2 g5 37. Qd3 Rf7 38. Rce1 h5 39. e5 1-0

[Event "Montreal op"]
[Site "Montreal CAN"]
[Date "1984.09.03"]
[Round "6"]
[White "Morin, Yves"]
[Black "Rousseau, Daniel"]
[Result "1/2-1/2"]
[WhiteElo "1911"]
[BlackElo "1988"]
[PlyCount "107"]
[GameId "2160767912714851"]
[EventDate "1984.09.01"]
[EventType "swiss"]
[EventRounds "6"]
[EventCountry "CAN"]
[SourceTitle "hb 2011"]

1. e4 Nf6 2. e5 Nd5 3. Bc4 Nb6 4. Bb3 d5 5. exd6 cxd6 6. Nf3 e6 7. O-O Be7 8. d4 O-O 9. Re1 N8d7 10. Nbd2 Nf6 11. Qe2 Bd7 12. c3 Rc8 13. Ne4 Bc6 14. Neg5 Bd5 15. Bxd5 Nfxd5 16. Qe4 g6 17. Qh4 Nf6 18. Qh6 Re8 19. Re4 Bf8 20. Qh3 Bg7 21. Rh4 h5 22. Ne4 Nxe4 23. Rxe4 e5 24. Bg5 Qd7 25. Qh4 f5 26. Ree1 e4 27. Nd2 Na4 28. Rab1 Kf7 29. Qg3 d5 30. Nf1 Nb6 31. Ne3 Rc6 32. Qf4 Nc4 33. g3 Nd2 34. Ng2 Nxb1 35. Rxb1 b5 36. a3 a5 37. Qh4 b4 38. axb4 axb4 39. Bd2 Ra8 40. Qg5 Rca6 41. h4 Ra1 42. Rxa1 Rxa1+ 43. Kh2 Rb1 44. Bc1 Qc6 45. Qd2 bxc3 46. bxc3 Qc4 47. Ne3 Qd3 48. Nxd5 Qb5 49. Qa2 Qb3 50. Qa7+ Qb7 51. Qa2 Qb3 52. Qa7+ Kg8 53. Bh6 Bxh6 54. Nf6+ 1/2-1/2